Chemtech: Predicting the toxicity of chemical mixtures (Record no. 16849)
| 000 -LEADER | |
|---|---|
| fixed length control field | 00304nam a22001097a 4500 |
| 003 - CONTROL NUMBER IDENTIFIER | |
| control field | OSt |
| 005 - DATE AND TIME OF LATEST TRANSACTION | |
| control field | 20200222112722.0 |
| 008 - FIXED-LENGTH DATA ELEMENTS--GENERAL INFORMATION | |
| fixed length control field | 200222b xxu||||| |||| 00| 0 eng d |
| 040 ## - CATALOGING SOURCE | |
| Transcribing agency | Cagayan State University- Carig Campus |
| 245 ## - TITLE STATEMENT | |
| Title | Chemtech: Predicting the toxicity of chemical mixtures |
| 942 ## - ADDED ENTRY ELEMENTS (KOHA) | |
| Source of classification or shelving scheme | |
| Koha item type | Serials |
| Price effective from | Permanent Location | Date last seen | Not for loan | Date acquired | Source of classification or shelving scheme | Koha item type | Lost status | Withdrawn status | Source of acquisition | Collection code | Damaged status | Barcode | Shelving location | Current Location | Public note | Full call number |
|---|---|---|---|---|---|---|---|---|---|---|---|---|---|---|---|---|
| 2020-02-22 | Cagayan State University - Carig Library | 2020-02-22 | 2020-02-22 | Serials | School | Serials | CT0000431998C1 | Serials | Cagayan State University - Carig Library | For room use only | CT 000043 1998 c.1 |